000
00261nam a2200109Ia 4500
008
190216s9999||||xx |||||||||||||| ||und||
100
_a
Barbara Cartland
245
0
_a
Premathinde Manthrika Shakthi
260
_b
Royal Agency
650
_a
Malayalam
942
_c
BK
999
_c
25680
_d
25680